Стресс в управленческой деятельности; Прогрессивные технологии и экономика в машиностроении; Т. 2

Bibliographische Detailangaben
Parent link:Прогрессивные технологии и экономика в машиностроении: труды III Всероссийской научно-практической конференции, 19-21 мая 2005 года, Юрга/ Томский политехнический университет ; под ред. О. Ю. Ретюнского.— , 2005
Т. 2.— 2005.— С. 73-75
1. Verfasser: Жданова О. Н. Ольга Николаевна
Sprache:Russisch
Veröffentlicht: 2005
Schlagworte:
Format: MixedMaterials Buchkapitel
KOHA link:https://koha.lib.tpu.ru/cgi-bin/koha/opac-detail.pl?biblionumber=137506

MARC

LEADER 00000naa2a2200000 4500
001 137506
005 20251203161638.0
035 |a (RuTPU)RU\TPU\book\149025 
090 |a 137506 
100 |a 20080513d2005 k y0rusy50 ca 
101 0 |a rus 
102 |a RU 
200 1 |a Стресс в управленческой деятельности  |f О. Н. Жданова 
461 1 |0 (RuTPU)RU\TPU\book\118979  |t Прогрессивные технологии и экономика в машиностроении  |o труды III Всероссийской научно-практической конференции, 19-21 мая 2005 года, Юрга  |o в 2 т.  |f Томский политехнический университет ; под ред. О. Ю. Ретюнского  |d 2005 
463 0 |0 (RuTPU)RU\TPU\book\118379  |t Т. 2  |v С. 73-75  |d 2005 
610 1 |a управление 
610 1 |a стресс 
610 1 |a управленческая деятельность 
610 1 |a руководители 
610 1 |a культура поведения 
610 1 |a труды учёных ТПУ 
700 1 |a Жданова  |b О. Н.  |c российский учёный в области экономических наук  |c старший преподаватель Юргинского технологического института (филиал) Томский политехнический университет  |f 1957-  |g Ольга Николаевна  |3 (RuTPU)RU\TPU\pers\25123 
801 1 |a RU  |b 63413507  |c 20080513  |g PSBO 
801 2 |a RU  |b 63413507  |c 20130710  |g RCR 
942 |c BK